Cassiopeia - All 88 Constellations - Statistics

General Stats
  • This quiz has been taken 5 times
  • The average score is 7 of 16
Answer Stats
Hint Answer % Correct
Number of primary stars that form this asterism 5
100%
Shape that the constellation famously forms The letter W
100%
Bordering Constellations Andromeda
80%
Bordering Constellations Cepheus
80%
Bordering Constellations Perseus
60%
Title of Cassiopeia in Greek mythology Queen
60%
Position that Cassiopeia is said to be in Seated
60%
What are the December Phi Cassiopeiids Meteor Shower
40%
Bordering Constellations Camelopardalis
20%
Bordering Constellations Lacerta
20%
Cassiopeia is the name of a champion in this game League of Legends
20%
Team Star's leader in this game is named Cassiopeia Pokémon Scarlet and Violet
20%
According to Greek mythology, he placed Cassiopeia in the sky Poseidon
20%
Brightest Star Schedar
20%
What was SN 1572? Supernova
20%
Who is it often named after? Tycho Brahe
0%
No matching quizzes found
Score Distribution
Percent of People with Each Score
Percentile by Number Answered
Your Score History
You have not taken this quiz